Rampairasa Selatan

Bibliographic Details
Main Author: Asiah Samsudin
Format: Book
Published: Kuala Lumpur : Berita Publishing , 1993
Subjects:

MARC

LEADER 00000cam a2200000 7i4500
001 0000003112
005 19991202.0
020 |a 9679693112 
040 |a INS 
090 0 0 |a 641.59595   |b ASI 
100 0 |a Asiah Samsudin 
245 1 0 |a Rampairasa Selatan   |c Asiah Samsudin 
260 |a Kuala Lumpur :   |b Berita Publishing ,   |c 1993 
300 |a 102 ms. ;   |c 29 cm. 
650 0 0 |a Cookery   |x Malay 
650 0 0 |a Cookery   |z Malaysia 
999 |a 0000005421   |b BOOK   |c Open Shelf   |e Default branch